Odmeňovanie v podniku bakalárska práca

Na minha lista:
Detalhes bibliográficos
Autor principal: Tichá, Anna
Autor Corporativo: Fakulta podnikového manažmentu EU. Katedra podnikovohospodárska
Outros Autores: Michalcová, Zuzana, 1984-
Formato: Livro
Idioma:eslovaco
Publicado em: Bratislava 2010
Tags: Adicionar Tag
Sem tags, seja o primeiro a adicionar uma tag!

MARC

LEADER 00000nbm a2200000 4500
001 0133607
005 20161109111539.6
041 0 |a slo 
044 |a SK 
245 1 0 |a Odmeňovanie v podniku  |b bakalárska práca  |c Anna Tichá ; školiteľ: Zuzana Michalcová 
264 1 |a Bratislava  |c 2010 
300 |a 46 s. 
100 1 |a Tichá, Anna 
700 1 |a Michalcová, Zuzana, 1984- 
710 2 |a Fakulta podnikového manažmentu EU. Katedra podnikovohospodárska